Entry Konu Terimi
001 - KONTROL NUMARASI
- Kontrol alanı: 25130
003 - KONTROL NUMARASI KİMLİĞİ
- Kontrol alanı: TR-BiSEU
005 - SON İŞLEM TARİHİ VE ZAMANI
- Kontrol alanı: 20260207001736.0
008 - SABİT UZUNLUKTAKİ VERİ ÖGELERİ - GENEL BİLGİ
- Sabit uzunlukta kontrol alanı: 260207|| aca||aabn | a|a d
040 ## - KATALOGLAMA KAYNAĞI
- Özgün kataloglama kurumu: TR-BiSEU
- Çeviri kurumu: TR-BiSEU
150 ## - KONU BAŞLIKLARI - KONU TERİMİ
- Konu terimi: Türkiye--Orman üretimi
670 ## - BİLGİNİN KAYNAĞI
- Bilginin alındığı kaynak: KOHA: (TR-BiSEU)10178: Mersin-Dümbelekdüzü kesitinde yükseltiiklim kuşakları ile orman yetişme ortamı yörelerinin ormancılık yönünden incelenmesi= Investigation on elevation/climate zones and growing media in terms of the forestry in section of Mersin-Dumbelekduzu/
